00500nam a22001937a 450000500170000001000130001702000220003003500130005203700160006504000120008108200170009310000180011024500480012826000430017627000380021930000210025765000200027865000080029820170124110002.0 aA-903736 c60.00a8170144000 aA-903736 bCen Lib/Ret aDPLbEN a346.066bKAP aKapoor, G. K. aCorporate and other laws /cby G. K. Kapoor aNew DelhibSultan Chand and Sonsc1995 a23, Darya GanjbNew Delhie110002 a294p. c21cm(Hb) aCorporation law aLaw